[Event "Arab-ch Rapid"]
[Site "Sharjah"]
[Date "2024.11.10"]
[Round "2"]
[White "Humaidan Mohamed, Alzaabi"]
[Black "Ahmad, Al Romaithi"]
[Result "0-1"]
[WhiteElo "1810"]
[BlackElo "1963"]
[PlyCount "64"]
[EventDate "2024.11.10"]
[EventType "swiss (rapid)"]
[EventRounds "7"]
[EventCountry "UAE"]
[SourceTitle "CB47_2024"]
[SourceDate "2024.11.20"]
[SourceVersion "1"]
[SourceVersionDate "2024.11.20"]
[SourceQuality "1"]

1. e4 c5 2. Nf3 d6 3. Bb5+ Nd7 4. a4 a6 5. Bd3 Ngf6 6. Qe2 g6 7. c3 Bg7 8. Bc2 Qc7 9. 0-0 0-0 10. d4 cxd4 11. cxd4 Nb8 12. h3 Nc6 13. Nc3 Nb4 14. Bb1 Be6 15. d5 Bd7 16. Be3 e6 17. Rc1 Qa5 18. Qd2 exd5 19. Nxd5 Nfxd5 20. exd5 Rac8 21. Rxc8 Rxc8 22. Nd4 Rc4 23. Ba2 Rxd4 24. Bxd4 Bxd4 25. Re1 Qc5 26. Bb3 Nd3 27. Re2 Nc1 28. Re7 Nxb3 29. Qf4 Bf5 30. g4 Kf8 31. Rxb7 Nc1 32. gxf5 Ne2+ 0-1

[Event "Arab-ch"]
[Site "Sharjah"]
[Date "2024.11.09"]
[Round "3"]
[White "Fandi, Mazen"]
[Black "Humaidan Mohamed, Alzaabi"]
[Result "1-0"]
[WhiteElo "2160"]
[BlackElo "1810"]
[PlyCount "95"]
[EventDate "2024.11.07"]
[EventType "swiss"]
[EventRounds "9"]
[EventCountry "UAE"]
[SourceTitle "CB47_2024"]
[SourceDate "2024.11.20"]
[SourceVersion "1"]
[SourceVersionDate "2024.11.20"]
[SourceQuality "1"]

1. e4 c5 2. Nf3 e6 3. d4 cxd4 4. Nxd4 Nf6 5. Nc3 Nc6 6. Ndb5 Bb4 7. a3 Bxc3+ 8. Nxc3 d5 9. exd5 exd5 10. Bd3 0-0 11. 0-0 Bg4 12. f3 Bh5 13. Bg5 Qb6+ 14. Kh1 Ne4 15. Nxe4 dxe4 16. Bxe4 Bg6 17. Bd5 Kh8 18. Qc1 Rfe8 19. c4 Re2 20. Bd2 Rae8 21. Qc3 Ne5 22. Qb4 Qd8 23. Bf4 Nd3 24. Qd6 Qxd6 25. Bxd6 Rxb2 26. Bg3 Ree2 27. Rad1 h6 28. f4 Bf5 29. Kg1 b6 30. Bh4 Nc5 31. Rfe1 Ne6 32. Rxe2 Rxe2 33. Re1 Rc2 34. Re5 g6 35. h3 h5 36. Bf6+ Kg8 37. Re1 Rd2 38. Bf3 Bd3 39. g4 hxg4 40. hxg4 Bxc4 41. f5 Ng7 42. fxg6 fxg6 43. g5 Be6 44. Bxg7 Kxg7 45. Rxe6 Rd3 46. Kf2 Rxa3 47. Be4 Kf7 48. Rf6+ 1-0

[Event "Arab-ch"]
[Site "Sharjah"]
[Date "2024.11.09"]
[Round "4"]
[White "Humaidan Mohamed, Alzaabi"]
[Black "Al Hajiri, Bader"]
[Result "1-0"]
[WhiteElo "1810"]
[BlackElo "1992"]
[PlyCount "136"]
[EventDate "2024.11.07"]
[EventType "swiss"]
[EventRounds "9"]
[EventCountry "UAE"]
[SourceTitle "CB47_2024"]
[SourceDate "2024.11.20"]
[SourceVersion "1"]
[SourceVersionDate "2024.11.20"]
[SourceQuality "1"]

1. e4 e5 2. Nf3 Nc6 3. Bb5 a6 4. Ba4 Nf6 5. 0-0 Nxe4 6. Re1 d5 7. d3 Nc5 8. Bxc6+ bxc6 9. Nxe5 Ne6 10. Qf3 Qf6 11. Qxf6 gxf6 12. Nxc6 Bc5 13. Be3 Bd6 14. Bd4 Bd7 15. Bxf6 Bxc6 16. Bxh8 Kd7 17. Be5 Rg8 18. Bxd6 Kxd6 19. Nd2 Nf4 20. g3 Bd7 21. f3 h5 22. Kf1 Bh3+ 23. Kf2 h4 24. Rg1 Nh5 25. c4 c6 26. Rae1 Bf5 27. d4 f6 28. c5+ Kd7 29. Re3 hxg3+ 30. hxg3 Ng7 31. g4 Be6 32. f4 Rh8 33. f5 Bxf5 34. gxf5 Nxf5 35. Rd3 Rh2+ 36. Rg2 Rh1 37. Nf1 Rh4 38. Ne3 Rf4+ 39. Kg1 Nxd4 40. Rg4 Ne2+ 41. Kh1 Rf3 42. Kg2 Nf4+ 43. Kxf3 Nxd3 44. Rg7+ Ke6 45. Rc7 Ne5+ 46. Ke2 d4 47. Nd1 Kd5 48. b4 Kc4 49. Nf2 f5 50. Re7 Ng6 51. Rd7 Nf4+ 52. Kd2 Nd5 53. Rxd5 Kxd5 54. Kd3 f4 55. Ng4 f3 56. a3 a5 57. Nf2 axb4 58. axb4 Ke5 59. Kc4 d3 60. Kxd3 Kd5 61. Nd1 Ke5 62. Ke3 Kd5 63. Nb2 f2 64. Kxf2 Kd4 65. Ke2 Kc3 66. Nd3 Kc4 67. Kd2 Kd4 68. b5 Kd5 1-0

[Event "Jeddah Karpov Cup"]
[Site "Jeddah"]
[Date "2024.01.25"]
[Round "3"]
[White "Rouda Essa, Alserkal"]
[Black "Humaidan Mohamed, Alzaabi"]
[Result "1-0"]
[WhiteElo "1882"]
[BlackElo "1565"]
[PlyCount "79"]
[EventDate "2024.01.24"]
[EventType "swiss"]
[EventRounds "9"]
[EventCountry "SAU"]
[SourceTitle "CBM 218 Extra"]
[Source "ChessBase"]
[SourceDate "2024.03.31"]
[SourceVersion "1"]
[SourceVersionDate "2024.03.31"]
[SourceQuality "1"]

1. e4 e5 2. Nf3 Nf6 3. Nxe5 d6 4. Nf3 Nxe4 5. Nc3 Nxc3 6. dxc3 Be7 7. Be3 Nd7 8. Qd2 Nf6 9. Bd3 0-0 10. 0-0-0 c5 11. Rhe1 Qa5 12. Kb1 Be6 13. c4 Qxd2 14. Bxd2 h6 15. h3 Rfe8 16. Re2 a6 17. b3 Rad8 18. Rde1 Bf8 19. Ba5 Rb8 20. Bc3 Nh5 21. Bd2 Nf6 22. Nh4 g6 23. Nxg6 fxg6 24. Rxe6 Rxe6 25. Rxe6 Kf7 26. Re3 Bg7 27. Rf3 g5 28. Bc3 Re8 29. Kc1 Rf8 30. a4 Kg8 31. a5 Nd7 32. Rxf8+ Kxf8 33. Bxg7+ Kxg7 34. Bf5 Ne5 35. Be4 Nc6 36. Bxc6 bxc6 37. c3 Kf6 38. b4 cxb4 39. cxb4 Ke6 40. b5 1-0

[Event "Asia-ch Amateur"]
[Site "Muscat"]
[Date "2022.10.04"]
[Round "8"]
[White "Jaradat, Othman"]
[Black "Humaidan Mohamed, Alzaabi"]
[Result "1-0"]
[WhiteElo "1751"]
[BlackElo "1393"]
[PlyCount "85"]
[EventDate "2022.09.29"]
[EventType "swiss"]
[EventRounds "9"]
[EventCountry "OMN"]
[SourceTitle "CBM 210 Extra"]
[Source "ChessBase"]
[SourceDate "2022.11.30"]
[SourceVersion "1"]
[SourceVersionDate "2022.11.30"]
[SourceQuality "1"]

1. e4 c5 2. Nf3 e6 3. d4 cxd4 4. Nxd4 a6 5. Nc3 Qc7 6. Be3 Nf6 7. f3 Bb4 8. Qd3 d5 9. exd5 Nxd5 10. Bd2 Nxc3 11. Bxc3 Bxc3+ 12. Qxc3 Qxc3+ 13. bxc3 e5 14. Nb3 Nd7 15. Bd3 b6 16. c4 Bb7 17. Rb1 0-0 18. Na5 Bxf3 19. gxf3 bxa5 20. Kf2 f5 21. Kg2 Nc5 22. Rhe1 Rae8 23. Rb6 e4 24. fxe4 fxe4 25. Be2 Rf6 26. Rxf6 gxf6 27. Rf1 Kg7 28. Rf5 Rc8 29. Kg3 Nb7 30. Kf4 Rc5 31. Rd5 Rxd5 32. cxd5 Nc5 33. Ke3 f5 34. Kd4 f4 35. Kxc5 f3 36. Bxa6 e3 37. d6 e2 38. d7 e1Q 39. d8Q Qc3+ 40. Bc4 Qb4+ 41. Kd5 Qd2+ 42. Bd3 f2 43. Qe7+ 1-0

[Event "Al Ain U20 op 1st"]
[Site "Al Ain"]
[Date "2017.12.30"]
[Round "1"]
[White "Humaidan Mohamed, Alzaabi"]
[Black "Al Hosani, Omran"]
[Result "0-1"]
[WhiteElo "1089"]
[BlackElo "2116"]
[PlyCount "38"]
[EventDate "2017.12.30"]
[EventType "swiss"]
[EventRounds "9"]
[EventCountry "UAE"]
[SourceTitle "CBM 182 Extra"]
[Source "ChessBase"]
[SourceDate "2018.02.23"]
[SourceVersion "1"]
[SourceVersionDate "2018.02.23"]
[SourceQuality "1"]

1. d3 d5 2. Nd2 e5 3. e4 Nf6 4. Ngf3 Nc6 5. g3 Bc5 6. Bg2 0-0 7. 0-0 Bg4 8. h3 Bh5 9. g4 Bg6 10. Nh4 dxe4 11. dxe4 Qe7 12. Nxg6 hxg6 13. Nf3 Nxe4 14. Qe2 Ng3 15. Qe1 Nxf1 16. Qxf1 e4 17. Ng5 e3 18. Ne4 exf2+ 19. Qxf2 Bxf2+ 0-1